Meses del año en francés - Estadísticas

Estadísticas generales
  • Esta prueba ha sido intentada 82 veces
  • La puntuación promedio es 9 de 12
Estadísticas de respuestas
Mes % Correcto
Novembre
90%
Décembre
87%
Avril
86%
Janvier
86%
Septembre
83%
Mai
80%
Octobre
80%
Mars
73%
Février
71%
Août
64%
Juin
61%
Juillet
47%
No se encontraron pruebas coincidentes
Distribución de puntuación
Porcentaje de gente con cada puntuación
Porcentaje por número respondido
Historial de tus puntuaciones
No has intentado esta prueba.